| 000 | 00602cam a2200205 a 4500 | ||
|---|---|---|---|
| 020 | _a0070648441 (v. 1) | ||
| 020 | _a007064845X (v. 2) | ||
| 040 | _cDLC | ||
| 082 | 0 | 0 | _a909 MCG 2000 A099 Or. |
| 245 | 0 | 0 |
_aWestern societies : _ba documentary history / |
| 250 | _a2nd ed. | ||
| 260 |
_aBoston : _bMcGraw-Hill, _cc2000. |
||
| 300 |
_a2 v. ; _c24 cm. |
||
| 650 | 0 | _aCivilization, Western | |
| 700 | 1 | _aTierney, Brian. | |
| 700 | 1 | _aScott, Joan. | |
| 856 | 4 | 2 | _uhttp://www.loc.gov/catdir/description/mh023/99030725.html |
| 856 | 4 | 1 | _uhttp://www.loc.gov/catdir/toc/mh023/99030725.html |
| 942 | _cEK | ||
| 999 |
_c12293 _d12293 |
||